| 000 | 00848nam a22002417a 4500 | ||
|---|---|---|---|
| 999 |
_c278 _d278 |
||
| 003 | AR-CdUCM | ||
| 008 | 190222b ||||| |||| 00| 0 spa d | ||
| 040 |
_aMUNICIPALIDAD PROVINCIAL DEL CUSCO _cBIBLIOTECA MUNICIPAL DEL CUSCO |
||
| 041 | _hrus | ||
| 082 |
_a947.084 / _bL40 |
||
| 100 |
_aObychkin, G. _91174 |
||
| 245 |
_aV.I. Lenin : _besbozo biográfico / _cObychkin, G. |
||
| 260 |
_aMoscú : _bEdit. Progreso, _c1969. |
||
| 300 |
_a158 páginas ; _c20 cm. |
||
| 505 | _aContenido: Infancia y juventud. Comienzo de la actividad revolucionaria -- Guía de proletariado revolucionario de Rusia -- En el destierro de Siberia ... | ||
| 650 |
_aRevolución. _9844 |
||
| 650 |
_aSocialismo. _91037 |
||
| 650 |
_aComunismo. _9495 |
||
| 650 |
_aU.R.S.S. _91175 |
||
| 650 |
_aHistoria Rusia. _91176 |
||
| 942 |
_2ddc _cLIBROS |
||
| 945 |
_admma _d2019-02-22 |
||